000 00776nas a2200289 4500
001 BR9505618
003 BR-BrBNA
005 20231205094441.0
007 ta
008 230509b bl.|||p| |||| 00| 00por d
040 _aBR-BrBNA
_bpor
_cBiblioteca Nacional de Agricultura
041 _a(Pt)
072 _aH20
100 1 _aPonte, J.J. da
100 1 _aMendes, C.
100 1 _aBezerra, J.E.
100 1 _aVasconcelos, I.
245 1 _aO controle quimico do cobreiro dos citros
650 _aLaranja Doce
650 _aFungo
650 _aFungicida
650 _aControle Quimico
650 _aCeara
773 0 _tCiencia Agronomica (Brazil)
_x
_g(Dec 1973), v. 3(1-2) p. 23-26
_wBR9505618
909 _a202311
_bLúcia
_c55
_dLúcia Elande
942 _2AGRIS
_n0
_cANA
999 _c144404
_d144404